| 000 | 00634nam a22002057a 4500 | ||
|---|---|---|---|
| 003 | OSt | ||
| 005 | 20251126095400.0 | ||
| 008 | 251126b |||||||| |||| 00| 0 eng d | ||
| 020 | _a 978-007-126554-6. | ||
| 040 |
_aDWCL-Admin lib _cOC |
||
| 082 | _aCirc. 338.5024 T455m 2008 | ||
| 100 |
_aThomas, Christopher R. _d |
||
| 245 |
_a Managerial economics / _cChristopher R. Thomas |
||
| 260 |
_aBoston : _bMcGraw-Hill, _cc2008 |
||
| 300 |
_a xvii, 746 p. : _bill. ; _c23 cm. + 1 CD-ROM |
||
| 504 | _aIncludes index. | ||
| 650 | _a1. Managerial economics. | ||
| 700 | _aCharles, Maurice S. | ||
| 942 |
_2ddc _cBK-CIRC _e 9th ed _kCirc. _n0 |
||
| 999 |
_c6359 _d6359 |
||